Increased uncertainty of project`s costs in sequential project
Ilustrácia vplyvu zvýšenej neistoty projektových nákladov na hodnotu projektu pomocou modelovania sekvenčného problému rozhodovania. Simulácia a modelovanie pomocou metód net present value a real options .
Saved in:
| Main Author: | |
|---|---|
| Format: | Book Chapter |
| Language: | English |
| Subjects: | |
| Tags: |
No Tags, Be the first to tag this record!
|
MARC
| LEADER | 00000naa$a2200000$$$4500 | ||
|---|---|---|---|
| 001 | 0091113 | ||
| 005 | 20240502072022.1 | ||
| 041 | 0 | |a eng | |
| 044 | |a SK | ||
| 245 | 1 | 0 | |a Increased uncertainty of project`s costs in sequential project |c Štefan Lyócsa |
| 520 | |a Ilustrácia vplyvu zvýšenej neistoty projektových nákladov na hodnotu projektu pomocou modelovania sekvenčného problému rozhodovania. Simulácia a modelovanie pomocou metód net present value a real options . | ||
| 610 | 2 | 0 | |a riziko |
| 610 | 2 | 0 | |a modely ekonomicko-matematické |
| 610 | 2 | 0 | |a simulácia |
| 610 | 2 | 0 | |a riadenie projektové |
| 610 | 2 | 0 | |a kalkulácia |
| 610 | 2 | 0 | |a náklady |
| 100 | 1 | |a Lyócsa, Štefan, 1982- | |